000 00488nam a2200193Ia 4500
005 20230520103125.0
008 131103s9999 xx 000 0 und d
040 _aLoreto College
041 _aEnglish
082 _a824.08
_bCHE
100 _aChesterton, G. K
245 _aIf I were a preacher
_cG. K. Chesterton [et. al.].
260 _aLondon
_bCassell
_c1929
300 _a261p.
650 _aEnglish essays
700 _aChesterton, G. K.
850 _aLCLIB
942 _cBK
999 _c22705
_d73184